000 00762cam a22002533a 4500
001 20894
003 PGUSA
005 20140828083438.0
008 070324s2007||||xxu|||||s|||||000 p eng d
040 _aPGUSA
_beng
042 _adc
050 4 _aPS
100 1 _aLongfellow, Henry Wadsworth,
_d1807-1882
245 1 0 _aEvangeline :
_bTraduction du poème Acadien de Longfellow
_h[electronic resource] /
_cHenry Wadsworth Longfellow
260 _bProject Gutenberg,
_c2007
506 _aPublic domain in the USA.
516 _aElectronic text
653 _aAmerican poetry
653 _aAcadians -- Poetry
700 1 _aLemay, Pamphile,
_d1837-1918
830 0 _aProject Gutenberg
_v20894
856 4 0 _uhttp://www.gutenberg.org/ebooks/20894
942 _cEB
999 _c250149
_d250149